| 000 | 00337nam a22001097a 4500 | ||
|---|---|---|---|
| 008 | 130913b xxu||||| |||| 00| 0 eng d | ||
| 020 |
_a0521615550 _cAvailable |
||
| 050 | _a570.15118 ALL | ||
| 082 | _b001600 | ||
| 245 |
_aMathematical Models in Biology An Introduction _cAllman S. Elizabeth |
||
| 260 |
_aAmerica _bCambridge University Press _c2004 |
||
| 999 |
_c23422 _d23422 |
||